00579nam a2200193 i 45000010008000000030006000080050017000140080041000310100017000720200010000890400018000990500018001170820018001351000019001532450109001722600056002813000020003376500028003571810144GBCCL20241126110559.0790625s1979 azu 000 0 eng  a 79050379  c$1.95 aDLCcDLCdDLC10aBS550.2b.H53 a220.9505bHIL1 aHillis, Don W.10aWe actually saw God :btrue-life accounts of people who saw God in the strangest places /cDon W. Hillis aScottsdale, Ariz. :bGood Life Productions,cc1979. a85 p. ;c18 cm. 0aBible stories, English.